| 000 | 00388nam a2200145Ia 4500 | ||
|---|---|---|---|
| 008 | 230917s9999||||xx |||||||||||||| ||und|| | ||
| 040 |
_e29516 _aMAIN |
||
| 041 | _aEnglish | ||
| 082 | _a294.12 S23R | ||
| 100 | _aSharma, Nigam | ||
| 245 | 0 | _aRigveda mein kavya-tattva: Poetical elements in the Rigveda | |
| 260 |
_aDelhi _bParimal publications _c1998 |
||
| 300 | _a202 p. | ||
| 942 | _cBK | ||
| 999 |
_c100263 _d100263 |
||